| 000 | 00513nam a2200181Ia 4500 | ||
|---|---|---|---|
| 008 | 191130s1989##################000#0#eng## | ||
| 020 | _a9780486260600 | ||
| 040 |
_aACL _cACL |
||
| 082 | _a741.6 GIU | ||
| 100 | _aGiuliani, Bob | ||
| 245 |
_aReady-to-use baseball illustrations _cBob Giuliani |
||
| 260 |
_aMineola, NY _bDover Publications _c1989 |
||
| 300 | _a32 p. ; 31 cm | ||
| 650 | _abaseball illustrations | ||
| 990 | _ae6324db7ac10000c0c0b5797d37c4aea | ||
| 991 | _a424768 | ||
| 999 |
_c389189 _d389189 |
||